| 000 | 00461nam a2200157 a 4500 | ||
|---|---|---|---|
| 001 | 000023752 | ||
| 005 | 20200930022436.0 | ||
| 008 | 110112s1969 ag r 000 0 spa d | ||
| 040 |
_aDO-SdBNP _bspa _cBNPHU |
||
| 082 |
_annnn _bS864b |
||
| 100 | 1 |
_aStocker, Héctor E. F., _948912 |
|
| 245 | 1 | 3 |
_aLa bendición de la adversidad / _cHéctor E. F. Stocker. |
| 260 |
_aBuenos Aires : _bLibreria Hachette, _c1969. |
||
| 300 |
_a306, [1] p. ; _c20 cm. |
||
| 049 | _aBNGR | ||
| 999 |
_c23248 _d23248 |
||